Loading...
| Mythology | 0 | 6 | 0 | 2 | 60 | 49 | 91.00 | 3 | 5 | 14.22 | 37.27 |
| Science - Chemistry | 0 | 6 | 0 | 1 | 60 | 63 | 88.00 | 1 | 6 | 11.10 | 40.91 |
| Literature - European | 0 | 6 | 0 | 0 | 60 | 75 | 115.83 | 0 | 5 | 11.50 | 36.36 |
| Literature - World | 0 | 3 | 0 | 0 | 30 | 114 | 123.00 | 0 | 2 | 2.41 | 11.82 |
| Religion | 0 | 3 | 0 | 1 | 30 | 98 | 104.33 | 0 | 2 | 2.68 | 11.82 |
| Social Science | 0 | 2 | 0 | 0 | 20 | 68 | 88.50 | 2 | 2 | 4.56 | 16.36 |
| Fine Arts - Other | 0 | 2 | 0 | 1 | 20 | 46 | 90.50 | 1 | 1 | 5.55 | 10.91 |
| Fine Arts - Painting and Sculpture | 0 | 2 | 0 | 1 | 20 | 127 | 128.00 | 1 | 1 | 0.14 | 10.91 |
| Literature - British | 0 | 2 | 0 | 0 | 20 | 71 | 99.50 | 0 | 2 | 5.46 | 10.91 |
| Science - Biology | 0 | 2 | 1 | 0 | 15 | 74 | 78.50 | 2 | 2 | 5.33 | 16.36 |
| Philosophy | 0 | 1 | 0 | 0 | 10 | 124 | 124.00 | 0 | 0 | 0.07 | 1.82 |
| Popular Culture | 0 | 1 | 0 | 0 | 10 | 47 | 47.00 | 1 | 1 | 33.57 | 50.00 |
| Literature - American | 0 | 1 | 0 | 0 | 10 | 140 | 140.00 | 0 | 1 | 0.00 | 4.55 |
| History - European | 0 | 1 | 0 | 1 | 10 | 126 | 126.00 | 0 | 0 | 0.00 | 1.82 |
| Fine Arts - Classical Music | 0 | 1 | 0 | 0 | 10 | 93 | 93.00 | 0 | 1 | 2.10 | 5.45 |
| History - World | 0 | 1 | 0 | 0 | 10 | 139 | 139.00 | 0 | 0 | -1.02 | 1.82 |